Número monográfico XVI aniversario de los mártires de la UCA

Bewaard in:
Bibliografische gegevens
Formaat: Texto
Gepubliceerd in: San Salvador: CIDAI
Onderwerpen:
Tags: Voeg label toe
Geen labels, Wees de eerste die dit record labelt!

MARC

LEADER 00000 a a2200000 04500
001 46487
003
040
090 |a REV0420 26 (1170)2005  
245 |a Número monográfico XVI aniversario de los mártires de la UCA  
260 |a San Salvador:   |b CIDAI  
650 |a CRIMENES DE GUERRA  
650 |a MILITARISMO  
650 |a EL SALVADOR  
650 |a REPRESION  
650 |a FUERZAS ARMADAS  
773 |g volumen26, número1170 ( noviebre 16, 2005)  
999 |c 22099  |d 22099